00498nam a2200193 a 4500001001300000003000900013005001700022008004100039020001000080082001600090100002400106245003300130260003800163300000800201500003500209505001700244650001900261700002400280nice12345678IN_TiNIC20260116012730.0050524s1956 isfa grp 000 0 per  ac10000a891.51bTAF aTafti, Jaleel Qazaq aChoon Mahzoon Waley Shadmaan aIsfahanbMehrayin Book Shopc1956 a62p aincludes index and biblioraphy2 aBibliography aPersian Poetry1 aTafti, Jaleel Qazaq